000 00432cam a2200181ua 4500
020 _c1.80
041 _aeng
_h
082 _a821
_bMAR/HE
100 _aMarar, T R K .
245 _aHeard Melodies /
_cT R K Marar.
_hTextual Documents
260 _aMadras :
_bMacMillan and Company Limited ,
_c1970.
300 _a103 ; .
365 _a1.80
504 _a
942 _cBK
999 _c3827
_d3827